Statistics for Constituencies of Namibia on a Map

Click here to take the quiz!

General Stats

  • This quiz has been taken 12 times
  • The average score is 47 of 121

Answers on the Map

Answers color-coded by a green-red scale on the quiz's map according to % correct below.
 

Answer Stats

RegionConstituency% Correct
ErongoWalvis Bay Rural
78%
ErongoWalvis Bay Urban
78%
ErongoSwakopmund
67%
OmahekeKalahari
56%
ǁKarasKeetmanshoop Rural
56%
ǁKarasKeetmanshoop Urban
56%
HardapMariental Rural
56%
HardapMariental Urban
56%
ǁKarasǃNamiǂNûs
56%
Kavango WestNcuncunci
56%
ǁKarasOranjemund
56%
OmusatiOutapi
56%
HardapRehoboth Rural
56%
HardapRehoboth Urban East
56%
HardapRehoboth Urban West
56%
Kavango EastRundu Rural
56%
Kavango EastRundu Urban
56%
KhomasWindhoek East
56%
KhomasWindhoek Rural
56%
KhomasWindhoek West
56%
OmahekeGobabis
44%
OtjozondjupaGrootfontein
44%
ErongoKaribib
44%
ZambeziKatima Mulilo Rural
44%
ZambeziKatima Mulilo Urban
44%
OhangwenaOhangwena
44%
ErongoOmaruru
44%
OshanaOndangwa Urban
44%
OmusatiOnesi
44%
KuneneOpuwo Rural
44%
KuneneOpuwo Urban
44%
OshanaOshakati East
44%
OshanaOshakati West
44%
OtjozondjupaOtavi
44%
OtjozondjupaOtjiwarongo
44%
KuneneOutjo
44%
OshikotoTsumeb
44%
OmahekeAminuis
33%
OmusatiAnamulenge
33%
ErongoArandis
33%
HardapAranos
33%
ǁKarasBerseba
33%
ErongoDâures
33%
HardapDaweb
33%
OshikotoEengodi
33%
OhangwenaEenhana
33%
OhangwenaEndola
33%
OhangwenaEngela
33%
OmahekeEpukiro
33%
KuneneEpupa
33%
OmusatiEtayi
33%
HardapGibeon
33%
OshikotoGuinas
33%
KhomasJohn Pandeni
33%
ZambeziJudea Lyaboloma
33%
ZambeziKabbe North
33%
ZambeziKabbe South
33%
KuneneKamanjab
33%
Kavango WestKapako
33%
ǁKarasKarasburg East
33%
ǁKarasKarasburg West
33%
KhomasKatutura Central
33%
KhomasKatutura East
33%
KhomasKhomasdal North
33%
KuneneKhorixas
33%
ZambeziKongola
33%
ZambeziLinyanti
33%
Kavango WestMankumpi
33%
Kavango EastMashare
33%
Kavango WestMpungu
33%
Kavango EastMukwe
33%
Kavango WestMusese
33%
Kavango WestNcamagoro
33%
Kavango EastNdiyona
33%
Kavango EastNdonga Linena
33%
OshikotoNehale IyaMpingana
33%
Kavango WestNkurenkuru
33%
OmusatiOgongo
33%
OtjozondjupaOkahandja
33%
OmusatiOkahao
33%
OtjozondjupaOkakarara
33%
OshanaOkaku
33%
OmusatiOkalongo
33%
OshikotoOkankolo
33%
OshanaOkatana
33%
OshanaOkatyali
33%
OhangwenaOkongo
33%
OmahekeOkorukambe
33%
OshikotoOlukonda
33%
OtjozondjupaOmatako
33%
OshanaOmpundja
33%
OhangwenaOmulonga
33%
OhangwenaOmundaungilo
33%
OshikotoOmuntele
33%
OshikotoOmuthiyagwiipundi
33%
OshikotoOnayena
33%
OhangwenaOndobe
33%
OhangwenaOngenga
33%
OshanaOngwediva
33%
OshikotoOniipa
33%
OshikotoOnyaanya
33%
OhangwenaOshikango
33%
OmusatiOshikuku
33%
OhangwenaOshikunde
33%
OmusatiOtamanzi
33%
OmahekeOtjinene
33%
OmahekeOtjombinde
33%
OmusatiRuacana
33%
KuneneSesfontein
33%
ZambeziSibbinda
33%
KhomasTobias Hainyeko
33%
Kavango WestTondoro
33%
OmusatiTsandi
33%
OtjozondjupaTsumkwe
33%
OshanaUukwiyu
33%
OshanaUuvudhiya
33%
OmusatiElim
22%
OhangwenaEpembe
22%
KhomasMoses ǁGaroëb
22%
OshanaOndangwa Rural
22%
KhomasSamora Wanchel
22%

Score Distribution

Percentile by Number Answered

Percent of People with Each Score

Your Score History

You have not taken this quiz